000
00316 a2200157 4500
001
162596
020
_a
040
_c
Magnum
100
_a
Braido, Selma
240
1
0
_a
O carvoeiro magico
_l
por
245
1
0
_a
O carvoeiro magico
362
0
_a
1899
440
1
_a
FTD
697
_a
I/FADAS, FANTASIA
942
_c
BK
999
_c
162596
_d
162596